Üdvözlet Bajmócz fürdőről fürdő

Zobrazenie: pohľad zhora na kúpeľný komplex uprostred stromov

Bibliographic Details
Format: Photo
Language:Hungarian
PhysicalDescription:1 pohľadnica tónovaná do hneda 9 x 14 cm
Published: Privigye Gubits B. [1908?]
Subjects:

MARC

LEADER 00000nkm a2200000 a 4500
001 vtls010280818
003 SK-MaSNL
005 20260302011751.0
007 kf co
008 231214q1908 xo g kuhun
015 |a SNBG 
035 |a urn:nbn:sk:snk-km00bk91 
035 |a urn:nbn:sk:snk-km3lmto 
035 |a E8E66C54-3F31-4B69-A4F4-27A91E383055 
040 |a SNK  |b slo  |c SNK  |e AACR2 
041 0 |a hun 
043 |a e-xo--- 
044 |a xo  |c SK 
080 |a 615.838  |2 2001 
080 |a 913(437.613)  |2 2001 
080 |a (084.121)  |2 2011 
245 0 0 |a Üdvözlet Bajmócz fürdőről  |h grafika  |b fürdő 
260 |a Privigye  |b Gubits B.  |c [1908?] 
300 |a 1 pohľadnica  |b tónovaná do hneda  |c 9 x 14 cm 
520 8 |a Zobrazenie: pohľad zhora na kúpeľný komplex uprostred stromov 
650 0 7 |a kúpele  |2 SNKPH  |9 1139 
651 7 |a Bojnice (Slovensko)  |2 SNKPH  |9 30288 
655 7 |a miestne pohľadnice  |2 SNKPH  |9 70510 
752 7 |a Slovensko  |d Prievidza 
852 |a Slovenská národná knižnica 
958 |a GC 
958 |a GBN 
958 |a ONDV 
999 |c 1007338  |d 1009268 
952 |a SNK  |b SNK  |y PREZ  |7 0  |p 17A0699898  |o snkSP 9687  |3 rekatalogizácia  |0 0  |1 0  |4 0  |d 2011-05-24  |f 1  |l 0  |r 2026-02-24 12:40:25  |w 2026-02-24